000 00651nam a2200217Ia 4500
999 _c32643
_d32643
003 OSt
005 20210601163435.0
008 160316s1993 xxu||||| |||| 00| 0 eng d
020 _a9780406176127
040 _cn
082 _a340.420000
_bDEN-2
100 _aDenning Lord
245 _aThe closing chapter
260 _aLondon
_bButterworths
_c1993
300 _a293p
_cxvii
365 _b Rs. 250
505 _aTable of contents BOOK ONE; SECTION ONE; SECTION TWO; SECTION THREE; BOOK TWO; SECTION FOUR; SECTION FIVE; SECTION SIX; SECTION SEVEN
650 _a1.Law - Commentaries - U K
700 _a
_a
942 _2ddc
_cBK